000 00202nam a2200085Ia 4500
008 120527s9999 xx 000 0 und d
100 _aLechner, J. Frank
245 _aThe Globalization reader
942 _cBK
999 _c27677
_d27677